000 00818nam0a22002291 4500
001 rc\4445432
005 20130416161044.0
035 _a(NLR Aleph) 008317892
090 _a8738427
_c8738427
100 _a20130416d1968 |||y0rusy50 ca
101 0 _arus
102 _aRU
105 _ay ac |||||
200 1 _aАнтропонимика
_eБиблиогр. указ. литературы на рус. яз.
_f[Сост. и авт. вступ. статьи Зинин С.И.]
_gТашк. гос. ун-т им. В.И. Ленина. Фундам. б-ка
210 _aТашкент
_cБ. и.
_d1968
215 _a[1], 82 с.
_d20
700 1 _aЗинин
_bС. И.
_gСергей Иванович
_4220
801 0 _aRU
_bNLR
_gpsbo
801 1 _aRU
_bELAR
_2rusmarc
852 _aNLR
_jМф К1/3299
942 _cBOOK
980 _aNB